Communication Systems
Gespeichert in:
| 1. Verfasser: | |
|---|---|
| Weitere Verfasser: | , , , , |
| Format: | Buch |
| Sprache: | Englisch |
| Veröffentlicht: |
Lüdenscheid
RAM-Verlag
2024
|
| Ausgabe: | 1st Edition |
| Schlagworte: | |
| Tags: |
Keine Tags, Fügen Sie das erste Tag hinzu!
|
MARC
| LEADER | 00000nam a2200000 4500 | ||
|---|---|---|---|
| 001 | 0300066 | ||
| 005 | 20240626114021.7 | ||
| 020 | |a 978-3-96595-039-9 | ||
| 041 | 0 | |a eng | |
| 044 | |a DE | ||
| 245 | 1 | 0 | |a Communication Systems |c Jaroslav Dugas, Martin Cenek, František Müller ; Reviewers: Peter Mesároš, Petr Suchánek, Vojtech Ferencz |
| 250 | |a 1st Edition | ||
| 264 | 1 | |a Lüdenscheid |b RAM-Verlag |c 2024 | |
| 300 | |a 232 s. [12,37 AH] | ||
| 610 | 2 | 0 | |a systémy komunikačné |
| 610 | 2 | 0 | |a systémy informačné |
| 610 | 2 | 0 | |a systémy informačné podnikové |
| 610 | 2 | 0 | |a technológie komunikačné |
| 610 | 2 | 0 | |a procesy podnikové |
| 610 | 2 | 0 | |a systémy inovačné |
| 100 | 1 | |a Dugas, Jaroslav, 1967- | |
| 700 | 1 | |a Cenek, Martin | |
| 700 | 1 | |a Müller, František | |
| 700 | 1 | |a Mesároš, Peter | |
| 700 | 1 | |a Suchánek, Petr | |
| 700 | 1 | |a Ferencz, Vojtech | |